000 00441nam a22001697a 4500
003 OSt
005 20240709071211.0
008 240709b |||||||| |||| 00| 0 eng d
020 _a9781786696137
040 _aKMU
_beng
_cKMU
_dKMU
_erda
050 _aPR6053.H45 K58
100 _aChisholm, P.F
245 _aKnives in the South/
_cP.F Chisholm
260 _aLondon:
_bHead of Zeus,
_c2018.
300 _avi, 810p.:
_c20 cm.
942 _2lcc
_cFM
_n0
999 _c1383
_d1383